ALL Wisconsin Cities - Statistics

General Stats
  • This quiz has been taken 288 times
  • The average score is 56 of 191
Answer Stats
County Municipality % Correct
M Milwaukee, Washington, and Waukesha Milwaukee
94%
M Dane Madison
91%
G Brown Green Bay
88%
L La Crosse La Crosse
88%
E Chippewa and Eau Claire Eau Claire
87%
K Kenosha Kenosha
84%
R Racine Racine
82%
S Sheboygan Sheboygan
82%
A Calumet, Outagamie, and Winnebago Appleton
81%
W Waukesha Waukesha
79%
O Winnebago Oshkosh
78%
F Fond du Lac Fond du Lac
77%
M Manitowoc Manitowoc
68%
W Marathon Wausau
66%
A Ashland and Bayfield Ashland
64%
C Chippewa Chippewa Falls
63%
J Rock Janesville
62%
M Marinette Marinette
62%
S Portage Stevens Point
62%
W Adams, Columbia, Juneau, and Sauk Wisconsin Dells
62%
B Rock Beloit
60%
S Douglas Superior
60%
K Kewaunee Kewaunee
58%
O Waukesha Oconomowoc
58%
B Bayfield Bayfield
56%
W Waupaca Waupaca
55%
O Oconto Oconto
54%
S Shawano Shawano
53%
W Milwaukee Wauwatosa
53%
W Milwaukee West Allis
52%
M Dunn Menomonie
50%
S Door Sturgeon Bay
50%
N Winnebago Neenah
49%
R Oneida Rhinelander
49%
T Monroe Tomah
49%
W Jefferson and Walworth Whitewater
49%
A Adams Adams
48%
P Grant Platteville
48%
P Columbia Portage
48%
B Waukesha Brookfield
47%
G Milwaukee Greenfield
44%
J Jefferson Jefferson
44%
N Waukesha New Berlin
44%
S Dane Sun Prairie
44%
V Dane Verona
44%
J Dodge Juneau
43%
B Barron Barron
42%
B Sauk Baraboo
41%
F Milwaukee Franklin
41%
O La Crosse Onalaska
41%
H St. Croix Hudson
40%
M Green Monroe
40%
S Milwaukee South Milwaukee
40%
B Jackson Black River Falls
39%
G Green Lake Green Lake
39%
P Waukesha Pewaukee
39%
P Ozaukee Port Washington
39%
W Dodge and Jefferson Watertown
39%
D Brown De Pere
38%
E Vilas Eagle River
38%
M Marathon and Wood Marshfield
38%
B Dodge Beaver Dam
37%
D Iowa Dodgeville
37%
C Milwaukee Cudahy
35%
M Ozaukee Mequon
35%
P Crawford Prairie du Chien
35%
R Richland Richland Center
35%
W Washington West Bend
35%
A Langlade Antigo
34%
W Wood Wisconsin Rapids
34%
R Pierce and St. Croix River Falls
33%
K Outagamie Kaukauna
32%
L Walworth Lake Geneva
32%
C Ozaukee Cedarburg
31%
H Dodge and Washington Hartford
31%
H Sawyer Hayward
31%
O Milwaukee Oak Creek
30%
P Sheboygan Plymouth
30%
B Racine and Walworth Burlington
29%
C Columbia and Dodge Columbus
29%
M Juneau Mauston
29%
W Dodge and Fond du Lac Waupun
29%
M Dane Middleton
28%
R Barron Rice Lake
28%
V Vernon Viroqua
28%
T Lincoln Tomahawk
27%
T Manitowoc Two Rivers
27%
W Bayfield Washburn
27%
F Jefferson Fort Atkinson
26%
M Calumet and Winnebago Menasha
26%
M Lincoln Merrill
26%
S Monroe Sparta
26%
A Kewaunee Algoma
25%
F Dane Fitchburg
25%
M Waukesha Muskego
25%
D Waukesha Delafield
24%
H Iron Hurley
24%
R Fond du Lac Ripon
24%
A Eau Claire Altoona
23%
B Green Lake and Waushara Berlin
23%
S Dane Stoughton
23%
A Clark and Marathon Abbotsford
22%
C Forest Crandon
22%
L Rusk Ladysmith
22%
O Oconto Oconto Falls
22%
P Marinette Peshtigo
22%
L Grant Lancaster
21%
B Grant Boscobel
20%
C Calumet Chilton
20%
E Walworth Elkhorn
20%
G Milwaukee Glendale
20%
L Jefferson Lake Mills
20%
D Walworth Delavan
19%
L Columbia Lodi
19%
N Outagamie and Waupaca New London
19%
P Price Phillips
19%
R Sauk Reedsburg
19%
S Washburn Spooner
18%
A Buffalo Alma
17%
K Calumet and Manitowoc Kiel
17%
M Taylor Medford
17%
S Sheboygan Sheboygan Falls
17%
S Milwaukee St. Francis
17%
D Lafayette Darlington
16%
D Pepin Durand
16%
E Dane and Rock Edgerton
16%
W Waushara Wautoma
16%
M Rock Milton
15%
M Dane Monona
15%
M Marquette Montello
15%
N St. Croix New Richmond
15%
O Trempealeau Osseo
15%
P Green Lake Princeton
15%
W Vernon Westby
15%
M Iowa Mineral Point
14%
S Polk St. Croix Falls
14%
C Clark and Marathon Colby
13%
O Winnebago Omro
13%
M Dodge Mayville
12%
W Trempealeau Whitehall
12%
B Chippewa Bloomer
11%
F Grant Fennimore
11%
B Trempealeau Blair
10%
C Waupaca Clintonville
10%
E Rock Evansville
10%
G Clark Greenwood
10%
H Dodge Horicon
10%
I Trempealeau Independence
10%
M Shawano and Waupaca Marion
10%
M Marathon Mosinee
10%
N Clark Neillsville
10%
N Calumet New Holstein
10%
S Outagamie Seymour
10%
T Clark Thorp
10%
W Jefferson Waterloo
10%
C Barron Chetek
9%
C Barron Cumberland
9%
N Juneau New Lisbon
9%
N Marinette Niagara
9%
S Chippewa and Clark Stanley
9%
W La Crosse West Salem
9%
A Polk Amery
8%
A Trempealeau Arcadia
8%
A Eau Claire Augusta
8%
C Grant and Lafayette Cuba City
8%
H Vernon Hillsboro
8%
P Price Park Falls
8%
S Washburn Shell Lake
8%
M Buffalo Mondovi
7%
S Marathon Schofield
7%
B Calumet Brillion
6%
B Green and Rock Brodhead
6%
B Buffalo Buffalo City
6%
O Clark Owen
6%
P Pierce Prescott
6%
W Waupaca Weyauwega
6%
F Dodge Fox Lake
5%
E Juneau Elroy
4%
F Buffalo Fountain City
4%
M Ashland Mellen
4%
N Wood Nekoosa
4%
S Lafayette Shullsburg
4%
C Chippewa Cornell
3%
G Trempealeau Galesville
3%
G St. Croix Glenwood City
3%
M Waupaca Manawa
3%
M Green Lake Markesan
3%
M Iron Montreal
3%
G Oconto Gillett
2%
L Clark Loyal
2%
P Wood Pittsville
2%
No matching quizzes found
Score Distribution
Percent of People with Each Score
Percentile by Number Answered
Your Score History
You have not taken this quiz